Φύλο, θρησκευτικότητα και τρόπος ζωής : διπλωματική εργασία

Αποθηκεύτηκε σε:
Λεπτομέρειες βιβλιογραφικής εγγραφής
Κύριος συγγραφέας: Σάββα, Αντρούλα
Συγγραφή απο Οργανισμό/Αρχή: Πανεπιστήμιο Αιγαίου Σχολή Ανθρωπιστικών Επιστημών Τμήμα Επιστημών της Προσχολικής Αγωγής και του Εκπαιδευτικού Σχεδιασμού Πρόγραμμα Μεταπτυχιακών Σπουδών Φύλο και Νέα Εκπαιδευτικά και Εργασιακά Περιβάλλοντα στην Κοινωνία της Πληροφορίας
Άλλοι συγγραφείς: Βρυωνίδης, Μάριος (dgs [Επιβλέπων καθηγητής])
Μορφή: Thesis Βιβλίο
Γλώσσα:Greek
Δημοσίευση: 2009
Θέματα:
Διαθέσιμο Online:http://hdl.handle.net/11610/14112
Ετικέτες: Προσθήκη ετικέτας
Δεν υπάρχουν, Καταχωρήστε ετικέτα πρώτοι!

MARC

LEADER 00000cam a2200000 i 4500
001 1/5410
008 100308s2009 gre d
035 |l 10107152 
040 |a GR-MY-UA  |b gre  |e aacr 
041 0 |a gre 
082 0 |a 261.83  |2 (22) 
100 1 |a Σάββα, Αντρούλα. 
245 1 0 |a Φύλο, θρησκευτικότητα και τρόπος ζωής :  |b διπλωματική εργασία /  |c Άντρης Σάββα ; επιβλέπων: Βρυωνίδης Μάριος 
260 |c 2009 
300 |a 101 σ.;  |b έγχρ. εικ.;  |c 30 εκ. 
500 |a Μέλη εξεταστικής επιτροπής: Μαρία Γκασούκα, Πέρσα Φώκιαλη 
502 |a Διατριβή (μεταπτυχιακή) – Πανεπιστήμιο Αιγαίου, Ρόδος, 2009. 
504 |a Βιβλιογραφία: σ. 109-121 
650 0 0 |a Sex role  |x Religious aspects  |x Christianity. 
650 0 0 |a Lifestyles. 
650 0 0 |a Church and social problems. 
650 0 0 |a Dissertations, Academic  |z Greece. 
700 1 |a Βρυωνίδης, Μάριος,  |e dgs [Επιβλέπων καθηγητής] 
710 1 |a Πανεπιστήμιο Αιγαίου   |b Σχολή Ανθρωπιστικών Επιστημών   |b Τμήμα Επιστημών της Προσχολικής Αγωγής και του Εκπαιδευτικού Σχεδιασμού   |b Πρόγραμμα Μεταπτυχιακών Σπουδών Φύλο και Νέα Εκπαιδευτικά και Εργασιακά Περιβάλλοντα στην Κοινωνία της Πληροφορίας. 
852 |a INST  |b RHODES  |c DIATR  |e 20100412  |h 261.83 ΣΑΒ  |p 005400032481  |q 005400032481  |t MTXE  |y 23 
852 |a INST  |b RHODES  |c DIATR  |e 20100412  |h 261.83 ΣΑΒ  |p 005400032482  |q 005400032482  |t MTXE  |y 23 
856 |u http://hdl.handle.net/11610/14112 
901 |a BIBL4-2010-1 
909 |a Ρ  |b 159668 
909 |a Ρ  |b 159669 
924 |a ΣΑΒΒΑ  |b ΑΝΤΡΟΥΛΑ  |y ΡΟΔΟΣ  |z 2009-07 
970 |a ΚΟΖΑ  |b ΜΑΡΙΑ  |z 2010/03/08